000 00290nam a22001337a 4500
008 181019b xxu||||| |||| 00| 0 eng d
020 _a0721611796
041 _aeng
080 _a617
100 _a8
101 _aORT
245 _aPediatric Orthopedics
_cRenshaw,Th.S
942 _2udc
_cBK
999 _c50229
_d50229